A carregar...
Basic linear algebra
| Autor principal: | |
|---|---|
| Formato: | Printed Book |
| Publicado em: |
Springer
2013
|
| Assuntos: |
| LEADER | 00502nam a2200193 4500 | ||
|---|---|---|---|
| 020 | |a 9788184893427 |c 295 | ||
| 082 | |a 512.5 BLY-B | ||
| 100 | |a Blyth, TS; Robertson, EF | ||
| 245 | |a Basic linear algebra | ||
| 250 | |||
| 260 | |a Springer |c 2013 | ||
| 300 | |a 232 | ||
| 490 | |||
| 500 | |||
| 590 | |c 295 | ||
| 650 | |a Algebra; Mathematics | ||
| 942 | |c BK | ||
| 999 | |c 85312 |d 85312 | ||
| 952 | |0 0 |1 0 |4 0 |6 512_500000000000000_BLYB |7 0 |9 98780 |a PHY |b PHY |g 295.00 |l 0 |o 512.5 BLY-B |p PHY06970 |r 2019-09-24 |w 2019-09-24 |y BK | ||